|
|
|
|
| LEADER |
00000nab a2200000 a 4500 |
| 001 |
vtls000583112 |
| 003 |
SK-MaSNL |
| 005 |
20260305043352.0 |
| 008 |
150501c1996 xo 0 slo |
| 015 |
|
|
|a SNBRB19rr/mm-uuuuu
|
| 035 |
|
|
|a CL0583251
|
| 040 |
|
|
|a SNKBUCL
|b slo
|c SNKBUCL
|e AACR2
|
| 041 |
0 |
|
|a slo
|
| 044 |
|
|
|a xo
|c SK
|
| 080 |
|
|
|a 947.91"1941/1945":943.0"1941/1945"
|2 1981
|
| 080 |
|
|
|a 943.0"1941/1945"
|2 1981
|
| 080 |
|
|
|a 940.53
|2 1981
|
| 100 |
1 |
|
|a Šmihula, Vladislav
|4 aut
|9 899993
|
| 245 |
1 |
0 |
|a Nepokorené národy Juhoslávie
|b K 55. výročiu prepadu Juhoslávie nacistickým Nemeckom a jeho spojencami
|c Vladislav Šmihula
|
| 650 |
0 |
7 |
|a protifašistický odboj
|2 snkbucl
|9 4751
|
| 651 |
|
7 |
|a Juhoslávia
|2 snkbucl
|9 22118
|
| 655 |
|
7 |
|a články z novín a časopisov
|2 snkbucl
|9 267496
|
| 773 |
0 |
|
|t Bojovník
|g Roč. 41, č. 9 (1996), s. 3
|x 0323-2018
|
| 850 |
|
|
|a Slovenská národná knižnica v Martine
|a MTA001
|
| 852 |
|
|
|a SNK
|b KIS3GCP
|
| 958 |
|
|
|a RK
|
| 958 |
|
|
|a DE
|
| 958 |
|
|
|a RY
|
| 992 |
|
|
|a RBX
|
| 999 |
|
|
|c 3353241
|d 3355171
|